Bài tập toán cao cấp. T.3, Phép tính giải tích nhiều biến số /
Hàm số nhiều biến số: Khái niệm mở đầu; Đạo hàm và vi phân; Cực trị. Ứng dụng của phép tính vi phân trong hình học: Ứng dụng trong hình học phẳng; Ứng dụng trong hình học không gian. Tích phân bội: Tích phân phụ thuộc tham số; Tích phân kép; Tích phân bội ba. Tích phân đường, tích phân mặt: Tích phâ...
Saved in:
| Main Author: | |
|---|---|
| Other Authors: | , |
| Format: | Book |
| Language: | Vietnamese |
| Published: |
Hà Nội :
Giáo dục,
2006.
|
| Edition: | Tái bản lần thứ 9. |
| Subjects: | |
| Tags: |
Add Tag
No Tags, Be the first to tag this record!
|
| Institutions: | Mạng thư viện Đại học Đà Nẵng |
|---|
| LEADER | 02639cam a2200433 a 4500 | ||
|---|---|---|---|
| 001 | 000043668 | ||
| 003 | 1697 | ||
| 005 | 20220222162116.0 | ||
| 008 | 010217b2006 vm 000 vie | ||
| 020 | |c 25600 | ||
| 040 | |a LRCC |c LRCC |d LRCC | ||
| 041 | 0 | |a vie | |
| 082 | 1 | 4 | |a 512.15 |b NG-T |
| 100 | 1 | |a Nguyễn Đình Trí, |e chủ biên. | |
| 245 | 1 | 0 | |a Bài tập toán cao cấp. |n T.3, |p Phép tính giải tích nhiều biến số / |c Nguyễn Đình Trí (chủ biên), Tạ Văn Đĩnh, Nguyễn Hồ Quỳnh. |
| 250 | |a Tái bản lần thứ 9. | ||
| 264 | 1 | |a Hà Nội : |b Giáo dục, |c 2006. | |
| 300 | |a 499 tr. ; |c 21 cm. | ||
| 520 | 3 | |a Hàm số nhiều biến số: Khái niệm mở đầu; Đạo hàm và vi phân; Cực trị. Ứng dụng của phép tính vi phân trong hình học: Ứng dụng trong hình học phẳng; Ứng dụng trong hình học không gian. Tích phân bội: Tích phân phụ thuộc tham số; Tích phân kép; Tích phân bội ba. Tích phân đường, tích phân mặt: Tích phân đường loại một; Tích phân đường loại hai; Tích phân mặt loại một; Tích phân mặt loại hai. Phương trình vi phân: Phương trình vi phân cấp một; Phương trình vi phân cấp hai; Hệ phương trình vi phân. | |
| 526 | 0 | |a Giáo trình đại cương | |
| 630 | 0 | 4 | |a Toán học. |
| 630 | 0 | 4 | |a Giải tích học. |
| 650 | 0 | 4 | |a Giải tích học |x Bài tập. |
| 700 | 1 | |a Tạ Văn Đĩnh. | |
| 700 | 1 | |a Nguyễn Hồ Quỳnh. | |
| 910 | |a HTNHUNG | ||
| OWN | |a DUT | ||
| AVA | |a UDN50 |b DUT |c Book |d 512.15 NG-T |e check_holdings |t Error 5003 Not defined in file expand_doc_bib_avail. |h N |j SH |k 1 | ||
| Z40 | 3 | |y Bài tập toán cao cấp_Tập 3 |l Library of DUT |t VIEW |x http://catalog.udn.vn:80/F?func=service&doc_library=UDN01&local_base=UDN01&doc_number=000043668&sequence=000001&line_number=0001&func_code=DB_RECORDS&service_type=MEDIA |f BTtoancaocapT3_000014663.pdf |e pdf |s 032160592 |k 20220222 |m HTNHUNG | |
| 999 | |a From the UDN01 | ||
| AVA | |a UDN50 |b DUT |c Book |d 512.15 NG-T |e available |t Error 5001 Not defined in file expand_doc_bib_avail. |f 40 |g 0 |h N |i 21 |j SH |k 1 | ||
| TYP | |a Monograph | ||
| TYP | |a Printed language | ||
| 856 | |y Bài tập toán cao cấp_Tập 3 |l Library of DUT |t VIEW |x http://catalog.udn.vn:80/F?func=service&doc_library=UDN01&local_base=UDN01&doc_number=000043668&sequence=000001&line_number=0001&func_code=DB_RECORDS&service_type=MEDIA |f BTtoancaocapT3_000014663.pdf |e pdf |s 032160592 |k 20220222 |m HTNHUNG | ||
| 980 | |a Mạng thư viện Đại học Đà Nẵng | ||